[Event "II Weekend A"]
[Site "Novara ITA"]
[Date "2012.11.04"]
[Round "4"]
[White "Stefanetti, Marco"]
[Black "Laurenti, Stefano"]
[WhiteElo "2093"]
[BlackElo "2048"]
[Result "0-1"]
[PlyCount "118"]
[EventDate "2012.11.02"]

1. e4 Nf6 2. e5 Nd5 3. d4 d6 4. c4 Nb6 5. exd6 exd6 6. Nc3 Be7 7. Bd3 Nc6 8.
Nge2 Bf6 9. Be3 O-O 10. b3 Re8 11. O-O Bg4 12. Qd2 Bxe2 13. Nxe2 a5 14. Rac1 d5
15. Rfd1 g6 16. Bb1 a4 17. c5 Nc8 18. b4 Qd7 19. Bd3 N8e7 20. b5 Nd8 21. Ng3
Ne6 22. Qb4 h5 23. Bc2 h4 24. Nf1 h3 25. g3 Ng5 26. Bxg5 Bxg5 27. f4 Bh6 28. c6
bxc6 29. bxc6 Qg4 30. Qd2 Nxc6 31. Ne3 Qf3 32. Re1 Nxd4 33. Bd1 Qe4 34. Nc2
Nf3+ 35. Bxf3 Qxf3 36. Rf1 Qg2+ 37. Qxg2 hxg2 38. Kxg2 c5 39. Kf3 d4 40. Rfd1
Rac8 41. Rd3 Bg7 42. Na3 Re6 43. Rc4 Rce8 44. Nc2 Bf8 45. Rd2 Ra8 46. Kf2 Rb6
47. Ne1 Rb4 48. Rdc2 Rxc4 49. Rxc4 f6 50. Nd3 Kf7 51. Nb2 a3 52. Nd1 Ke6 53.
Ke2 Kd5 54. Kd3 Re8 55. Ra4 Bd6 56. Nf2 c4+ 57. Kd2 c3+ 58. Kc1 Re2 59. Ng4 Ke4
0-1

[Event "II Weekend A"]
[Site "Novara ITA"]
[Date "2012.11.04"]
[Round "4"]
[White "Mondal, Prince"]
[Black "Cereda, Loris"]
[WhiteElo "1912"]
[BlackElo "2227"]
[Result "1/2-1/2"]
[PlyCount "73"]
[EventDate "2012.11.02"]

1. e4 e5 2. Nf3 Nc6 3. Bb5 a6 4. Ba4 Nf6 5. d3 d6 6. c3 g6 7. Nbd2 Bg7 8. O-O
O-O 9. Re1 b5 10. Bc2 Qe7 11. Nf1 Nd8 12. a4 Bb7 13. Ng3 c5 14. h4 Ne6 15. h5
Nf4 16. hxg6 fxg6 17. axb5 axb5 18. Rxa8 Rxa8 19. Nf1 N6h5 20. g3 Ne6 21. Bb3
Kh8 22. Ne3 c4 23. dxc4 Bxe4 24. Nd5 Bxd5 25. Qxd5 Rf8 26. cxb5 Nc7 27. Qd3
Nxb5 28. Nxe5 Bxe5 29. Qxb5 Qf6 30. Qe2 Qd8 31. Bd5 Qa5 32. Bf3 Qa2 33. Rd1 Ng7
34. Bd5 Qa4 35. Bh6 Re8 36. Bxg7+ Kxg7 37. Re1 1/2-1/2

[Event "II Weekend A"]
[Site "Novara ITA"]
[Date "2012.11.04"]
[Round "4"]
[White "Andraschko, Felix"]
[Black "Pienabarca, Nicola"]
[WhiteElo "2101"]
[BlackElo "2110"]
[Result "1-0"]
[PlyCount "101"]
[EventDate "2012.11.02"]

1. Nf3 Nf6 2. c4 c5 3. Nc3 d5 4. cxd5 Nxd5 5. g3 Nc6 6. d4 Qa5 7. Qd2 cxd4 8.
Nxd4 Nxc3 9. Nxc6 Qd5 10. Bg2 Qxd2+ 11. Bxd2 Nb5 12. Rc1 e6 13. O-O Bd6 14. Na5
O-O 15. Bxb7 Rb8 16. Bxc8 Rfxc8 17. Rxc8+ Rxc8 18. Rc1 Rxc1+ 19. Bxc1 Kf8 20.
Be3 a6 21. Nc4 Ke7 22. Nxd6 Kxd6 23. Kf1 Kd5 24. Ke1 Nd6 25. Kd1 Nc4 26. Bc1 e5
27. Kc2 e4 28. b3 Ne5 29. h3 Nc6 30. Be3 f5 31. Kc3 g6 32. b4 Ne5 33. a4 Nc4
34. Bd4 Nd6 35. Bc5 Nc4 36. Bf8 Nb6 37. Kb3 Nc4 38. Bh6 Kd4 39. b5 axb5 40.
axb5 Kc5 41. Ka4 Kb6 42. Kb4 Nd6 43. Be3+ Kc7 44. Bf4 Kd7 45. Bxd6 Kxd6 46. Ka5
Kc7 47. Ka6 Kb8 48. h4 h6 49. e3 g5 50. hxg5 hxg5 51. Kb6 1-0

[Event "II Weekend A"]
[Site "Novara ITA"]
[Date "2012.11.04"]
[Round "4"]
[White "Castrogiovanni, Carlo"]
[Black "Montilli, Vincenzo"]
[WhiteElo "1978"]
[BlackElo "1888"]
[Result "1/2-1/2"]
[PlyCount "31"]
[EventDate "2012.11.02"]

1. d4 Nf6 2. c4 g6 3. Nc3 Bg7 4. e4 d6 5. Be2 O-O 6. Bg5 Na6 7. Nf3 e5 8. O-O
h6 9. Bh4 Qe8 10. d5 Nc5 11. Nd2 a5 12. Rb1 Bd7 13. b3 Nh7 14. f3 f5 15. Nb5
Na6 16. g4 1/2-1/2

[Event "II Weekend A"]
[Site "Novara ITA"]
[Date "2012.11.04"]
[Round "5"]
[White "Petkov, Vladimir"]
[Black "Collutiis, Duilio"]
[WhiteElo "2566"]
[BlackElo "2486"]
[Result "1/2-1/2"]
[PlyCount "25"]
[EventDate "2012.11.02"]

1. d4 d5 2. c4 c6 3. Nc3 Nf6 4. cxd5 cxd5 5. Bf4 Qb6 6. Qd2 Nc6 7. e3 Bf5 8. f3
e6 9. g4 Bg6 10. h4 h5 11. g5 Nd7 12. Rh2 Bb4 13. Nge2 1/2-1/2

[Event "II Weekend A"]
[Site "Novara ITA"]
[Date "2012.11.04"]
[Round "5"]
[White "Salvador, Roland"]
[Black "Vezzosi, Paolo"]
[WhiteElo "2477"]
[BlackElo "2296"]
[Result "1/2-1/2"]
[PlyCount "100"]
[EventDate "2012.11.02"]

1. d4 d5 2. Nf3 Nf6 3. c4 dxc4 4. e3 a6 5. a4 Bg4 6. Bxc4 e6 7. Qb3 Bxf3 8.
gxf3 Nc6 9. Bd2 Rb8 10. Rg1 g6 11. Bc3 Bg7 12. Nd2 Nd5 13. f4 Nxc3 14. bxc3 Na5
15. Qa2 c5 16. Be2 Rc8 17. Nf3 cxd4 18. cxd4 Rc3 19. Kd2 Rc7 20. Rac1 O-O 21.
h4 Qe7 22. Rxc7 Qxc7 23. Rc1 Qd7 24. h5 Rc8 25. hxg6 hxg6 26. Rxc8+ Qxc8 27.
Qb2 Qc7 28. Ke1 Bf6 29. Kf1 Qc6 30. Qb4 Bd8 31. Kg1 Qb6 32. Qa3 Nc6 33. Bc4 Be7
34. Qd3 Nb4 35. Qb3 Qd6 36. Ne5 Kg7 37. Qb2 f6 38. Ng4 Qc6 39. Qb3 Nd5 40. Kh2
Nc7 41. a5 Nd5 42. Kg3 Bd6 43. Bxd5 Qxd5 44. Qc3 g5 45. Qc8 gxf4+ 46. exf4 Qxd4
47. Qd7+ Kg6 48. Qe8+ Kg7 49. Qd7+ Kg6 50. Qe8+ Kg7 1/2-1/2

[Event "II Weekend A"]
[Site "Novara ITA"]
[Date "2012.11.04"]
[Round "5"]
[White "Aghayev, Miragha"]
[Black "Inkiov, Ventzislav V."]
[WhiteElo "2245"]
[BlackElo "2465"]
[Result "1/2-1/2"]
[PlyCount "71"]
[EventDate "2012.11.02"]

1. e4 e5 2. Nf3 Nc6 3. d4 exd4 4. Nxd4 Bc5 5. Nb3 Bb6 6. Nc3 Nf6 7. Qe2 O-O 8.
Be3 Re8 9. Bxb6 axb6 10. O-O-O d6 11. a3 Be6 12. Nd4 Nxd4 13. Rxd4 Nd7 14. Qd2
Nc5 15. e5 d5 16. Nxd5 Bxd5 17. Rxd5 Qe7 18. f4 c6 19. Rd4 b5 20. g3 f6 21.
exf6 Qxf6 22. Bg2 Na4 23. g4 c5 24. Rxa4 Rxa4 25. Qd5+ Kh8 26. Qxc5 Rxf4 27.
Qxb5 Rf8 28. Kb1 b6 29. h3 Qd4 30. Bd5 Qe5 31. Rd1 h6 32. Qc6 Rd8 33. Rd3 Rf6
34. Qc4 Rf4 35. Qc6 Rf6 36. Qc4 1/2-1/2

[Event "II Weekend A"]
[Site "Novara ITA"]
[Date "2012.11.04"]
[Round "5"]
[White "Laurenti, Stefano"]
[Black "Stella, Andrea"]
[WhiteElo "2048"]
[BlackElo "2454"]
[Result "0-1"]
[PlyCount "64"]
[EventDate "2012.11.02"]

1. e4 e6 2. d4 d5 3. Nc3 Nf6 4. e5 Nfd7 5. Nf3 c5 6. dxc5 Nc6 7. Bf4 Bxc5 8.
Bd3 h6 9. h4 O-O 10. Qe2 f6 11. exf6 Qxf6 12. Bg5 Qf7 13. O-O-O Nd4 14. Nxd4
Bxd4 15. Ne4 Be5 16. Rh3 dxe4 17. Qxe4 Qf5 18. Qb4 a5 19. Qa3 Qg4 20. Be3 Qb4
21. Qb3 Qxb3 22. axb3 Bf4 23. Bxf4 Rxf4 24. Bb5 Ne5 25. Re3 Nc6 26. f3 Rd4 27.
Rxd4 Nxd4 28. Be8 Kf8 29. Bg6 Nf5 30. Rd3 Nxh4 31. Be4 Ke7 32. Re3 Nxg2 0-1

[Event "II Weekend A"]
[Site "Novara ITA"]
[Date "2012.11.04"]
[Round "5"]
[White "Angelini, Marco"]
[Black "Andraschko, Felix"]
[WhiteElo "2258"]
[BlackElo "2101"]
[Result "1-0"]
[PlyCount "65"]
[EventDate "2012.11.02"]

1. e4 c5 2. Nf3 e6 3. d4 cxd4 4. Nxd4 a6 5. Nc3 Qc7 6. Bd3 Bc5 7. Nb3 Be7 8.
Be3 Nf6 9. f4 d6 10. O-O Nbd7 11. a4 b6 12. g4 h6 13. Qf3 Bb7 14. Qe2 d5 15. e5
Ne4 16. Bd4 Ndc5 17. Nd2 Rd8 18. Qe3 Nxc3 19. bxc3 Qc6 20. a5 b5 21. Rae1 Na4
22. Nb3 Nxc3 23. f5 Ne4 24. Bb6 Rc8 25. Nd4 Qd7 26. fxe6 fxe6 27. Qh3 g6 28. g5
Bxg5 29. Nxe6 Ke7 30. Nxg5 hxg5 31. Qxd7+ Kxd7 32. Rf7+ Kc6 33. Rxe4 1-0

[Event "II Weekend A"]
[Site "Novara ITA"]
[Date "2012.11.04"]
[Round "5"]
[White "Cereda, Loris"]
[Black "Castrogiovanni, Carlo"]
[WhiteElo "2227"]
[BlackElo "1978"]
[Result "0-1"]
[PlyCount "57"]
[EventDate "2012.11.02"]

1. e4 c5 2. Nf3 Nc6 3. Bb5 Qc7 4. O-O e6 5. c3 Nf6 6. Qe2 a6 7. Bxc6 dxc6 8. d4
cxd4 9. cxd4 Be7 10. Bg5 O-O 11. Nc3 h6 12. Bh4 Ne8 13. Bg3 Qa5 14. Ne5 c5 15.
Nc4 Qd8 16. d5 b5 17. Ne5 Bb7 18. dxe6 fxe6 19. Rad1 Bd6 20. Ng6 Rf6 21. Nh4 e5
22. Nf5 Qc7 23. Qg4 Qf7 24. Nxd6 Nxd6 25. Bxe5 Rg6 26. Qh3 Nxe4 27. Rd7 Ng5 28.
Qd3 Nf3+ 29. Kh1 0-1

[Event "II Weekend A"]
[Site "Novara ITA"]
[Date "2012.11.04"]
[Round "5"]
[White "Montilli, Vincenzo"]
[Black "Ventura, Franco"]
[WhiteElo "1888"]
[BlackElo "2083"]
[Result "1/2-1/2"]
[PlyCount "110"]
[EventDate "2012.11.02"]

1. d4 Nf6 2. c4 g6 3. Nc3 Bg7 4. e4 d6 5. Nf3 O-O 6. h3 c5 7. d5 e5 8. dxe6
Bxe6 9. Be2 Nc6 10. O-O Ne5 11. Nxe5 dxe5 12. Qxd8 Rfxd8 13. Be3 Rdc8 14. Rfd1
h6 15. Rd2 Kh7 16. Rad1 Bf8 17. f3 Kg7 18. b3 Ng8 19. Nd5 Ne7 20. Nxe7 Bxe7 21.
Bf1 Bg5 22. Bxg5 hxg5 23. Rd6 Kf6 24. Kf2 Ke7 25. Ke3 Rc7 26. Be2 Rac8 27. R1d2
Rd7 28. Rxd7+ Bxd7 29. Rd5 Be6 30. Rd2 Rh8 31. a3 Rc8 32. Rc2 Rc6 33. b4 b6 34.
Kd3 f5 35. Kc3 Rd6 36. bxc5 bxc5 37. Rb2 Rb6 38. Rxb6 axb6 39. g4 Kf6 40. Bd3
f4 41. a4 Bd7 42. Kb3 Ke7 43. Ka3 Kd6 44. Kb3 Kc7 45. Ka3 Kb7 46. Kb3 Ka6 47.
Ka3 Ka5 48. Bc2 Be8 49. Bd1 Bf7 50. Bb3 Be6 51. Ba2 Bc8 52. Bb3 Be6 53. Ba2 Ka6
54. Bb3 Bf7 55. Ba2 Ka5 1/2-1/2